000 00504nam a2200193 a 4500
001 1778317703459
003 YourLibrary
005 20260509144032.0
008 260509s1985##################000#0#eng##
020 _a9783110095913
082 0 4 _a415
_bPLA
100 1 _aPlank, Frans,
_eauthor.
245 1 0 _aRelational Typology :
260 _bDe Gruyter Mouton,
_c1985.
300 _a464 pages
650 0 _aLanguage Arts & Disciplines.
942 _cENGLISH
040 _aYourLibrary
_beng
_cYourLibrary
999 _c622969
_d622969